| 000 | 00845nam a22002537a 4500 | ||
|---|---|---|---|
| 999 |
_c20477 _d20477 |
||
| 003 | AR-CdUCM | ||
| 008 | 190530b ||||| |||| 00| 0 spa d | ||
| 040 |
_aMUNICIPALIDAD PROVINCIAL DEL CUSCO _cBIBLIOTECA MUNICIPAL DEL CUSCO |
||
| 041 | _heng | ||
| 082 |
_a621.31 / _bD87 |
||
| 100 |
_aDuff, John R. _940908 |
||
| 245 | _aFundamentos de corriente continua / | ||
| 260 |
_a México : _bDiana, _c1971. |
||
| 300 |
_a129 páginas ; _c27 cm. _bFiguras. |
||
| 440 |
_aManuales de electricidad y electrónica _942818 |
||
| 505 | _aContenido: Símbolos eléctricos -- Electrostática - La ley de Ohm... | ||
| 650 |
_aCORRIENTE CONTINUA _942819 |
||
| 650 |
_aPRACTICAS _911405 |
||
| 650 |
_aELECTRICIDAD _915840 |
||
| 650 |
_aMAGNETISMO _919341 |
||
| 700 |
_aLepe, Jose luis (traductor) _919407 |
||
| 942 |
_2ddc _cLIBROS |
||
| 945 | _aJavier | ||